Largest World Cities: Africa Quiz Stats

 Plays Quiz not verified by Sporcle

Challenge
Share
Tweet
Embed
Score 0/50 Timer 15:00
0 Plays Today
Country City % Correct
EgyptCairo
100%
NigeriaLagos
100%
South AfricaJohannesburg
99.2%
South AfricaCapetown
99.2%
TunisiaTunis
99.2%
SudanKhartoum
98.5%
EgyptAlexandria
98.5%
DRCKinshasa
97.7%
MoroccoCasablanca
97.7%
AlgeriaAlgiers
97.7%
EthiopiaAddis Ababa
97.7%
AngolaLuanda
97%
KenyaNairobi
96.2%
SenegalDakar
96.2%
MoroccoRabat
96.2%
GhanaAccra
95.5%
South AfricaPretoria
94.7%
Ivory CoastAbidjan
93.9%
South AfricaDurban
93.9%
ZimbabweHarare
93.2%
TanzaniaDar es Salaam
92.4%
UgandaKampala
91.7%
Republic of CongoBrazzaville
90.9%
MadagascarAntananarivo
90.2%
LiberiaMonrovia
90.2%
Country City % Correct
SomailaMogadishu
89.4%
Sierra LeoneFreetown
89.4%
MozambiqueMaputo
87.9%
ZambiaLusaka
87.1%
CameroonYaounde
85.6%
MaliBamako
85.6%
GuineaConakry
84.8%
ChadNdjamena
83.3%
Burkina FasoOuagadougou
82.6%
NigeriaKano
81.1%
TogoLome
81.1%
NigerNiamey
81.1%
CameroonDouala
78%
NigeriaIbadan
71.2%
MoroccoFes
68.2%
NigeriaBenin City
66.7%
NigeriaPort Harcourt
62.1%
AlgeriaOran
60.6%
DRCLubumbashi
58.3%
BeninCotonou
53.8%
GhanaKumasi
49.2%
NigeriaKaduna
43.9%
ZimbabweBulawayo
41.7%
DRCMbuji-Mayi
40.2%
NigeriaMaiduguri
29.5%

You're not logged in!

Compare scores with friends on all Sporcle quizzes.
Join for Free
OR
Log In

You Might Also Like...

Show Comments

Extras

Top Quizzes Today


Score Distribution

Your Account Isn't Verified!

In order to create a playlist on Sporcle, you need to verify the email address you used during registration. Go to your Sporcle Settings to finish the process.

Report this User

Report this user for behavior that violates our Community Guidelines.

Details: